00678nam a2200169 a 450000100100000000500170001000800410002704000250006808200160009311000560010924500990016526000770026430000210034104900090036295201200037199900170049100002190320210420113209.0100914s1979 cl ad r 000 0 spa d aDO-SdBNPbspacBNPHU axxxxbS623i aFondo de las Naciones Unidas para la Infancia9927010aSituación de la infancia en américa latina y el caribe /ccoordinación Juan Pablo Terra. aSantiago, Chile :bFondo de las Naciones Unidas para la Infancia,c1979. a630 p. ;c25 cm. aBNGR 001054708MOaGRbGRcCTd2010-09-14iLF1l0oxxxx S623ip21903-10r2020-06-25w2020-06-25y4ZPréstamo en sala c21401d21401